[Event "XV C.to Mondiale Seniores Over 50"]
[Site "Acqui Terme ITA"]
[Date "2015.11.17"]
[Round "7"]
[White "Ivanov, Alexander"]
[Black "Rozentalis, Eduardas"]
[WhiteElo "2506"]
[BlackElo "2553"]
[Result "1/2-1/2"]
[PlyCount "66"]
[EventDate "2015.11.10"]

1. e4 e6 2. d4 d5 3. Nd2 a6 4. Bd3 c5 5. dxc5 Nf6 6. exd5 Qxd5 7. Ngf3 Qxc5 8.
O-O Be7 9. a4 Nbd7 10. a5 Qc7 11. Nc4 O-O 12. Qe2 Nd5 13. Bg5 Bxg5 14. Nxg5
N7f6 15. Qe5 Bd7 16. Qxc7 Nxc7 17. Nb6 Rad8 18. c4 Bc6 19. Rfd1 Rfe8 20. f3 Kf8
21. Bc2 Ke7 22. Kf2 h6 23. Ne4 Nxe4+ 24. Bxe4 e5 25. b4 g6 26. g4 Rf8 27. h4
Rfe8 28. Ke3 Ne6 29. Nd5+ Bxd5 30. Bxd5 Nd4 31. Ke4 Rd7 32. Rd3 Kd8 33. g5 h5
1/2-1/2

[Event "XV C.to Mondiale Seniores Over 50"]
[Site "Acqui Terme ITA"]
[Date "2015.11.17"]
[Round "7"]
[White "Izquierdo, Daniel"]
[Black "Roselli Mailhe, Bernardo"]
[WhiteElo "2161"]
[BlackElo "2409"]
[Result "1/2-1/2"]
[PlyCount "62"]
[EventDate "2015.11.10"]

1. d4 Nf6 2. c4 g6 3. Nc3 Bg7 4. e4 d6 5. f3 O-O 6. Bg5 Nbd7 7. Qd2 c5 8. d5 a6
9. Nge2 b5 10. cxb5 Qa5 11. Nc1 Ne5 12. a4 axb5 13. Nxb5 Qxd2+ 14. Bxd2 Bd7 15.
Bc3 Rfb8 16. Bxe5 Bxb5 17. Bxb5 Rxb5 18. Bc3 Nd7 19. axb5 Bxc3+ 20. bxc3 Rxa1
21. Kd2 Nb6 22. Kd3 Ra5 23. Ne2 Rxb5 24. Ra1 Nd7 25. Ra8+ Kg7 26. Ra7 Ne5+ 27.
Kc2 Kf6 28. f4 Nc4 29. Kd3 Nb2+ 30. Kc2 Nc4 31. Kd3 Nb2+ 1/2-1/2

[Event "XV C.to Mondiale Seniores Over 50"]
[Site "Acqui Terme ITA"]
[Date "2015.11.17"]
[Round "7"]
[White "Kalegin, Evgenij"]
[Black "McKay, Roderick M"]
[WhiteElo "2440"]
[BlackElo "2344"]
[Result "1/2-1/2"]
[PlyCount "88"]
[EventDate "2015.11.10"]

1. e4 c5 2. Nf3 e6 3. g3 d5 4. exd5 exd5 5. d4 Nc6 6. Bg2 Bg4 7. O-O Nxd4 8.
Qe1+ Be7 9. Nxd4 cxd4 10. Qe5 Nf6 11. Qxd4 O-O 12. Nc3 Be6 13. Be3 Qd7 14. Rad1
Rfd8 15. Rfe1 b6 16. Qd2 Rac8 17. Bd4 Bg4 18. f3 Be6 19. Ne2 Bc5 20. c3 Re8 21.
Kh1 Bxd4 22. Nxd4 Qd6 23. Bf1 Bd7 24. Rxe8+ Rxe8 25. Re1 Rxe1 26. Qxe1 Kf8 27.
Kg1 a5 28. Qe3 h6 29. Kf2 g5 30. Bd3 Ne8 31. Bb5 Bxb5 32. Nxb5 Qc6 33. a4 Nc7
34. Nxc7 Qxc7 35. Qd4 Qc6 36. h4 f6 37. h5 Ke7 38. f4 gxf4 39. Qxf4 Qc5+ 40.
Kg2 Qc6 41. Qxh6 d4+ 42. Kh2 Qf3 43. cxd4 Qf2+ 44. Kh3 Qf1+ 1/2-1/2

[Event "XV C.to Mondiale Seniores Over 50"]
[Site "Acqui Terme ITA"]
[Date "2015.11.17"]
[Round "7"]
[White "Llanos, Guillermo"]
[Black "Karmov, Mazhmudin"]
[WhiteElo "2388"]
[BlackElo "2209"]
[Result "1-0"]
[PlyCount "85"]
[EventDate "2015.11.10"]

1. d4 Nf6 2. g3 d5 3. Bg2 c6 4. Nf3 g6 5. O-O Bg7 6. c3 O-O 7. Nbd2 a5 8. Re1
c5 9. dxc5 Na6 10. c6 bxc6 11. Qa4 c5 12. e4 Bd7 13. Qc2 e6 14. e5 Ne8 15. Nf1
f6 16. exf6 Nxf6 17. Ne5 Be8 18. Bg5 Rb8 19. Rad1 Qb6 20. Rd2 Nd7 21. Bf4 Nxe5
22. Bxe5 Bxe5 23. Rxe5 Bf7 24. h4 c4 25. Nh2 Nc5 26. Ng4 Kg7 27. Ree2 a4 28.
Ne5 Rfd8 29. h5 Be8 30. Rd4 gxh5 31. Qd2 Qc7 32. Qg5+ Bg6 33. Bxd5 a3 34. bxa3
Rb1+ 35. Kh2 Rxd5 36. Rxd5 Qb7 37. Nxg6 hxg6 38. Ree5 Qf7 39. Qe3 Nd3 40. Rxe6
Nxf2 41. Qd4+ Kh7 42. Rd7 Ng4+ 43. Kh3 1-0

[Event "XV C.to Mondiale Seniores Over 50"]
[Site "Acqui Terme ITA"]
[Date "2015.11.17"]
[Round "7"]
[White "Mohr, Georg"]
[Black "Arkell, Keith C"]
[WhiteElo "2443"]
[BlackElo "2499"]
[Result "1-0"]
[PlyCount "61"]
[EventDate "2015.11.10"]

1. e4 d5 2. exd5 Qxd5 3. Nf3 Nf6 4. d4 g6 5. Be2 Bg7 6. O-O O-O 7. c4 Qd6 8.
Nc3 c6 9. h3 b6 10. Bg5 Nbd7 11. Qd2 e6 12. Rfe1 Bb7 13. Rad1 Rfe8 14. Bf4 Qe7
15. Qc2 Qd8 16. Ne5 Qc8 17. Bf3 a6 18. Nxd7 Qxd7 19. Na4 Qd8 20. Qb3 Nd7 21.
Nc5 bxc5 22. Qxb7 Bxd4 23. Bxc6 Qf6 24. Be3 Rad8 25. Bxd4 cxd4 26. Bxd7 Re7 27.
Qxa6 Rexd7 28. c5 d3 29. c6 Rd6 30. Qb7 d2 31. Re2 1-0

[Event "XV C.to Mondiale Seniores Over 50"]
[Site "Acqui Terme ITA"]
[Date "2015.11.17"]
[Round "7"]
[White "Nikolic, Predrag"]
[Black "Bagaturov, Giorgi"]
[WhiteElo "2603"]
[BlackElo "2397"]
[Result "1-0"]
[PlyCount "61"]
[EventDate "2015.11.10"]

1. d4 Nf6 2. c4 c6 3. Nf3 d5 4. e3 e6 5. Bd3 Nbd7 6. O-O Bd6 7. Nc3 dxc4 8.
Bxc4 O-O 9. e4 e5 10. Bg5 h6 11. Bh4 Qe7 12. Bg3 exd4 13. Bxd6 Qxd6 14. Qxd4
Qxd4 15. Nxd4 b5 16. Bb3 b4 17. Na4 c5 18. Nf5 Ba6 19. Rfc1 Nxe4 20. f3 Ng5 21.
Nxc5 Nxc5 22. Rxc5 Rfe8 23. Rd1 Kf8 24. Ra5 Be2 25. Rd7 a6 26. Nd4 Bb5 27. Nxb5
axb5 28. Rxb5 Rab8 29. Rxb8 Rxb8 30. f4 Ke8 31. Ba4 1-0

[Event "XV C.to Mondiale Seniores Over 50"]
[Site "Acqui Terme ITA"]
[Date "2015.11.17"]
[Round "7"]
[White "Sorm, Daniel"]
[Black "Vepkhvishvili, Varlam"]
[WhiteElo "2353"]
[BlackElo "2106"]
[Result "1-0"]
[PlyCount "85"]
[EventDate "2015.11.10"]

1. d4 Nf6 2. g3 g6 3. Bg2 Bg7 4. e4 d6 5. Nc3 O-O 6. Nge2 Nbd7 7. O-O c6 8. a4
a5 9. h3 e5 10. Be3 Re8 11. f4 Qe7 12. dxe5 dxe5 13. f5 h6 14. g4 g5 15. Ng3
Nh7 16. Rf2 Bf8 17. Rd2 Qb4 18. Ra3 Bc5 19. Qe1 Bxe3+ 20. Qxe3 Nhf6 21. Nd1 Qe7
22. Rc3 c5 23. Bf1 b6 24. b3 Bb7 25. Bb5 Red8 26. Nb2 Nf8 27. Rcd3 Rxd3 28.
Qxd3 Rb8 29. Nc4 Ba8 30. Kf2 N8h7 31. Qd6 Qxd6 32. Nxd6 Kf8 33. Ke3 Ke7 34. Nc4
Rh8 35. Nxb6 h5 36. gxh5 Bb7 37. Nd7 g4 38. h4 Bxe4 39. Nxe4 Nxh5 40. Nxe5 N7f6
41. Nc6+ Kf8 42. Nxf6 Nxf6 43. Rd8+ 1-0

[Event "XV C.to Mondiale Seniores Over 50"]
[Site "Acqui Terme ITA"]
[Date "2015.11.17"]
[Round "7"]
[White "Wiedenkeller, Michael"]
[Black "Frick, Christoph"]
[WhiteElo "2454"]
[BlackElo "2241"]
[Result "1-0"]
[PlyCount "67"]
[EventDate "2015.11.10"]

1. Nf3 d5 2. g3 g6 3. Bg2 Bg7 4. d3 Nf6 5. O-O O-O 6. Nbd2 c5 7. e4 Nc6 8. Re1
e6 9. c3 b5 10. a3 c4 11. exd5 exd5 12. a4 cxd3 13. axb5 Na5 14. Nd4 Bg4 15.
N2f3 Ne4 16. Qxd3 Qb6 17. Bf4 Rfe8 18. b4 Nc4 19. Ra6 Qb7 20. Rea1 Bd7 21. Ng5
Nxg5 22. Bxg5 Ne5 23. Qd1 Be6 24. Nxe6 fxe6 25. Qe2 Nf7 26. Rxe6 Qd7 27. Bxd5
Rxe6 28. Qxe6 Qxe6 29. Bxe6 Bxc3 30. Rc1 Be5 31. Rc5 Bd6 32. Rc6 Be5 33. Rc5
Bd6 34. Rd5 1-0

[Event "XV C.to Mondiale Seniores Over 50"]
[Site "Acqui Terme ITA"]
[Date "2015.11.17"]
[Round "7"]
[White "Yasin, Hur"]
[Black "Berend, Fred"]
[WhiteElo "2092"]
[BlackElo "2347"]
[Result "1-0"]
[PlyCount "73"]
[EventDate "2015.11.10"]

1. e4 d5 2. exd5 Nf6 3. Bb5+ Bd7 4. Bc4 Bg4 5. f3 Bf5 6. Nc3 Nbd7 7. g4 Nb6 8.
Qe2 Bc8 9. Qd3 g6 10. a4 Bg7 11. Bb5+ Nbd7 12. a5 a6 13. Ba4 O-O 14. Qe3 b5 15.
Bb3 Bb7 16. g5 Nh5 17. Nge2 Re8 18. d4 Nf8 19. O-O e5 20. dxe5 Bxe5 21. Qd3 Qe7
22. Ne4 Rad8 23. Rd1 Kh8 24. c4 Ne6 25. cxb5 Nc5 26. Nxc5 Qxc5+ 27. Be3 Bxh2+
28. Kxh2 Rxe3 29. Qd4+ Qxd4 30. Nxd4 Nf4 31. Kg3 Nd3 32. Nc2 Nc5 33. Nxe3 Nxb3
34. Ra3 Nc5 35. Rc3 Na4 36. Rxc7 Bc8 37. b3 1-0

[Event "XV C.to Mondiale Seniores Over 50"]
[Site "Acqui Terme ITA"]
[Date "2015.11.18"]
[Round "8"]
[White "Arkell, Keith C"]
[Black "Ivanov, Alexander"]
[WhiteElo "2499"]
[BlackElo "2506"]
[Result "0-1"]
[PlyCount "158"]
[EventDate "2015.11.10"]

1. Nf3 g6 2. c4 Bg7 3. Nc3 c5 4. g3 Nc6 5. Bg2 e6 6. e4 Nge7 7. O-O O-O 8. d3
d6 9. Rb1 b6 10. Be3 Nd4 11. Qd2 Bb7 12. Bh6 Bxh6 13. Qxh6 Nxf3+ 14. Bxf3 Nc6
15. Bg2 Qf6 16. Qe3 Rad8 17. Ne2 Rfe8 18. f4 Qe7 19. Nc3 Nd4 20. g4 d5 21. exd5
Qf8 22. dxe6 Bxg2 23. Kxg2 Rxe6 24. Qf2 Qe8 25. Rbe1 Qc6+ 26. Nd5 Rde8 27. Re5
Rxe5 28. fxe5 f5 29. Qf4 Kg7 30. gxf5 Nxf5 31. Re1 Re6 32. b3 Nd4 33. Qe4 Nc2
34. Rf1 Nd4 35. Rf6 Qd7 36. Qg4 Qe8 37. Rxe6 Nxe6 38. Qf3 Qd8 39. Qg4 Qe8 40.
h4 Nd4 41. Qg5 Qe6 42. Kg3 h6 43. Qf6+ Qxf6 44. Nxf6 Kf7 45. Kf4 Ke6 46. h5 g5+
47. Ke4 Nf5 48. d4 Nxd4 49. Ne8 g4 50. Nc7+ Kd7 51. Nd5 g3 52. Nf4 Ne6 53. Ne2
g2 54. Ng1 Ng7 55. Kf3 Nxh5 56. Kxg2 Ke6 57. Nf3 Nf4+ 58. Kg3 Ng6 59. Nh2 h5
60. Nf3 Nxe5 61. Nd2 Ng6 62. Nb1 Ke5 63. Nc3 Ne7 64. Kh4 Nc6 65. Nb5 Ke4 66.
Kxh5 Kd3 67. Kg5 Kc2 68. Kf5 Kb2 69. Ke4 Kxa2 70. Kd5 Nb4+ 71. Kd6 Kxb3 72.
Nxa7 Kxc4 73. Kc7 b5 74. Kb6 Nd5+ 75. Ka5 b4 76. Nb5 b3 77. Na3+ Kd4 78. Ka4 c4
79. Kb5 b2 0-1

[Event "XV C.to Mondiale Seniores Over 50"]
[Site "Acqui Terme ITA"]
[Date "2015.11.18"]
[Round "8"]
[White "Bagaturov, Giorgi"]
[Black "Habibi, Ali"]
[WhiteElo "2397"]
[BlackElo "2255"]
[Result "1-0"]
[PlyCount "65"]
[EventDate "2015.11.10"]

1. d4 Nf6 2. Nf3 g6 3. c4 c5 4. d5 d6 5. Nc3 Bg7 6. g3 O-O 7. Bg2 a6 8. a4 Nbd7
9. O-O Rb8 10. e4 Ne8 11. Re1 Nc7 12. Qd3 a5 13. Qc2 Na6 14. b3 Nb4 15. Qd2 Nf6
16. h3 Ne8 17. Bb2 Bd7 18. Rad1 Qc8 19. Kh2 e5 20. dxe6 fxe6 21. Nb5 Bxb2 22.
Qxb2 Bxb5 23. cxb5 b6 24. Qc3 Rb7 25. Kg1 Rbf7 26. Nh2 h5 27. Nf3 e5 28. Rd2
Rxf3 29. Bxf3 Qxh3 30. Qe3 Kg7 31. Be2 Rf6 32. Qg5 h4 33. Bg4 1-0

[Event "XV C.to Mondiale Seniores Over 50"]
[Site "Acqui Terme ITA"]
[Date "2015.11.18"]
[Round "8"]
[White "Bellia, Fabrizio"]
[Black "Shevelev, Arkady"]
[WhiteElo "2452"]
[BlackElo "2284"]
[Result "1/2-1/2"]
[PlyCount "177"]
[EventDate "2015.11.10"]

1. e4 c6 2. d4 d5 3. Nc3 g6 4. Nf3 Bg7 5. h3 Nf6 6. e5 Ne4 7. Nxe4 dxe4 8. Ng5
c5 9. dxc5 Qxd1+ 10. Kxd1 Bxe5 11. Nxe4 Bf5 12. f3 O-O 13. c3 Nd7 14. Be3 Rac8
15. Bd3 Bxe4 16. Bxe4 Nxc5 17. Bc2 b5 18. a3 a5 19. Ke2 b4 20. axb4 axb4 21.
Ra5 Bd6 22. cxb4 Ne6 23. Be4 Bxb4 24. Ra4 Bc5 25. Rc1 Bxe3 26. Rxc8 Rxc8 27.
Kxe3 Kg7 28. b4 Rc3+ 29. Kd2 Rc4 30. Bd3 Rd4 31. Kc3 Rd7 32. Bc4 Rc7 33. b5 Nc5
34. Ra2 Nd7 35. Kb4 e6 36. Bb3 Kf6 37. Ra6 Ke7 38. Ra2 Nb6 39. Rd2 Nd7 40. f4
Rc1 41. Ka5 Rc7 42. Bd1 Ra7+ 43. Kb4 Ra1 44. Bb3 Ra7 45. Rd1 Rc7 46. Ra1 Nb6
47. Ra6 Nd7 48. Bc4 Nb8 49. Ra1 Nd7 50. g4 h6 51. h4 Nb6 52. Bb3 Nd7 53. Ra8
Rb7 54. Rh8 Nf6 55. g5 hxg5 56. hxg5 Nd7 57. Ra8 Nb6 58. Ra6 Nd7 59. Bd1 Rc7
60. Bf3 Nc5 61. Ra3 Nd7 62. Bc6 Nb6 63. Ra6 Nd5+ 64. Bxd5 exd5 65. b6 Rc1 66.
Kb5 Kd6 67. Ra8 Rb1+ 68. Ka6 Ra1+ 69. Kb7 Rf1 70. Ra4 Rb1 71. Ra8 d4 72. Rd8+
Kc5 73. Rc8+ Kd5 74. Kc7 Rc1+ 75. Kd7 Rb1 76. Kc7 Rc1+ 77. Kb8 Rb1 78. b7 Ke4
79. Rd8 Kxf4 80. Rxd4+ Kxg5 81. Kc7 f5 82. Kc6 Rxb7 83. Kxb7 f4 84. Kc6 f3 85.
Kd5 f2 86. Rd1 Kf4 87. Rf1 Kf3 88. Ke5 g5 89. Kf5 1/2-1/2

[Event "XV C.to Mondiale Seniores Over 50"]
[Site "Acqui Terme ITA"]
[Date "2015.11.18"]
[Round "8"]
[White "Garcia Palermo, Carlos"]
[Black "Nikolic, Predrag"]
[WhiteElo "2446"]
[BlackElo "2603"]
[Result "0-1"]
[PlyCount "86"]
[EventDate "2015.11.10"]

1. b3 d5 2. Bb2 Nf6 3. Nf3 Bf5 4. g3 e6 5. Bg2 c6 6. O-O a5 7. a3 Bc5 8. d3 O-O
9. Nbd2 Re8 10. c4 Nbd7 11. Qc2 Bg6 12. Nh4 e5 13. Nxg6 hxg6 14. e3 Bd6 15. d4
e4 16. f3 exf3 17. Rxf3 Nf8 18. Raf1 N8h7 19. cxd5 cxd5 20. Qd3 Qe7 21. a4 Bb4
22. h4 Ra6 23. R1f2 g5 24. hxg5 Nxg5 25. Rf5 Bxd2 26. Re5 Re6 27. Rxd2 Nge4 28.
Rc2 Nxg3 29. Qb5 Ng4 30. Bxd5 Nxe5 31. dxe5 Nf5 32. Bxe6 Qg5+ 33. Kf1 Rxe6 34.
Rc8+ Kh7 35. Qxb7 Rg6 36. Qh1+ Nh6 37. Qa8 Qg1+ 38. Ke2 Rg2+ 39. Kd3 Qb1+ 40.
Kc4 Rxb2 41. Rh8+ Kg6 42. Qa6+ Kg5 43. Rxh6 Qe4+ 0-1

[Event "XV C.to Mondiale Seniores Over 50"]
[Site "Acqui Terme ITA"]
[Date "2015.11.18"]
[Round "8"]
[White "Julia, Ernesto"]
[Black "Izquierdo, Daniel"]
[WhiteElo "2356"]
[BlackElo "2161"]
[Result "1-0"]
[PlyCount "99"]
[EventDate "2015.11.10"]

1. Nf3 g6 2. g3 Bg7 3. d4 f5 4. Bg2 Nf6 5. O-O O-O 6. c3 Qe8 7. Nbd2 Nc6 8. b4
d6 9. Qb3+ e6 10. b5 Nd8 11. a4 Nf7 12. Ba3 Kh8 13. a5 e5 14. dxe5 Nxe5 15. Nd4
Rb8 16. Rfe1 Bd7 17. f4 Neg4 18. e4 fxe4 19. Nxe4 Qc8 20. Ng5 Nh6 21. Nge6 Re8
22. Nxg7 Kxg7 23. c4 c5 24. Nf3 Rxe1+ 25. Rxe1 Qf8 26. Bb2 Re8 27. Rxe8 Qxe8
28. Bxf6+ Kxf6 29. Qc3+ Ke7 30. Qg7+ Kd8 31. Qxh6 Qe3+ 32. Kh1 Qc1+ 33. Ng1
Qxc4 34. Qf8+ Kc7 35. b6+ axb6 36. axb6+ Kxb6 37. Qd8+ Ka6 38. Qxd7 b5 39.
Qxd6+ Ka5 40. Qc7+ Kb4 41. Qxh7 Qd3 42. Qe7 Qd2 43. h4 Qf2 44. Kh2 Kb3 45. Qe6+
c4 46. Nf3 Qc5 47. Ne5 Ka3 48. Qa6+ Kb2 49. Qxg6 b4 50. Qe4 1-0

[Event "XV C.to Mondiale Seniores Over 50"]
[Site "Acqui Terme ITA"]
[Date "2015.11.18"]
[Round "8"]
[White "McKay, Roderick M"]
[Black "Bruno, Fabio"]
[WhiteElo "2344"]
[BlackElo "2420"]
[Result "1/2-1/2"]
[PlyCount "99"]
[EventDate "2015.11.10"]

1. Nf3 d5 2. c4 e6 3. b3 Nf6 4. g3 c5 5. Bg2 Nc6 6. O-O Bd6 7. e3 d4 8. exd4
cxd4 9. d3 e5 10. a3 a5 11. Bg5 h6 12. Bxf6 Qxf6 13. Nbd2 Qe7 14. Re1 Be6 15.
Qc1 O-O 16. Qb2 Rfe8 17. c5 Bxc5 18. Nxe5 Nxe5 19. Rxe5 Qc7 20. Ree1 Rac8 21.
Ne4 Bf8 22. b4 axb4 23. axb4 Qb6 24. Rab1 Bf5 25. Qd2 Qb5 26. h4 b6 27. Red1
Rc7 28. Qf4 Qe5 29. Qf3 Rec8 30. Re1 Qb5 31. g4 Bg6 32. h5 Bh7 33. Qg3 Ra7 34.
f4 Ra3 35. Bf1 f5 36. gxf5 Bxf5 37. Nf6+ Kh8 38. Re5 Rxd3 39. Qg2 Qc6 40. Qxc6
Rxc6 41. Rxf5 Rg3+ 42. Kh2 Ra3 43. Nd5 Rc2+ 44. Kg1 Bd6 45. Re1 Rg3+ 46. Kh1
Rf2 47. Re8+ Kh7 48. Bc4 Rff3 49. Rf7 Rf2 50. Bf1 1/2-1/2

[Event "XV C.to Mondiale Seniores Over 50"]
[Site "Acqui Terme ITA"]
[Date "2015.11.18"]
[Round "8"]
[White "Ribbegren, Karl Johan"]
[Black "Efimov, Igor"]
[WhiteElo "2249"]
[BlackElo "2408"]
[Result "1/2-1/2"]
[PlyCount "93"]
[EventDate "2015.11.10"]

1. d4 d6 2. Nf3 Nf6 3. Bf4 Nh5 4. Bd2 g6 5. g3 Bg7 6. e4 O-O 7. Bg2 c5 8. c3
Qb6 9. Qc2 cxd4 10. Nxd4 Nc6 11. Nxc6 bxc6 12. Be3 Qa6 13. Bf1 Qb7 14. Nd2 Nf6
15. h3 Rb8 16. b3 e5 17. Bg2 Nh5 18. Nc4 Qc7 19. Rd1 Rd8 20. Bg5 Rd7 21. O-O
Bb7 22. b4 Ba6 23. Qb3 h6 24. Bc1 c5 25. b5 Bxb5 26. Rfe1 Nf6 27. a4 Bc6 28.
Qc2 Rdd8 29. f4 Nh5 30. Rd3 exf4 31. gxf4 Qe7 32. Qd1 Bf8 33. e5 Bxg2 34. Kxg2
dxe5 35. fxe5 Rxd3 36. Qxd3 Rd8 37. Qe4 Qe6 38. Be3 Nf6 39. Qh4 g5 40. Bxg5
Qd5+ 41. Kg1 hxg5 42. Qxg5+ Bg7 43. Ne3 Nh7 44. Qh4 Qd2 45. Kf1 Re8 46. Nc4 Nf8
47. Nxd2 1/2-1/2

[Event "XV C.to Mondiale Seniores Over 50"]
[Site "Acqui Terme ITA"]
[Date "2015.11.18"]
[Round "8"]
[White "Roselli Mailhe, Bernardo"]
[Black "Baimurzin, Aitkazy"]
[WhiteElo "2409"]
[BlackElo "2120"]
[Result "1-0"]
[PlyCount "121"]
[EventDate "2015.11.10"]

1. d4 Nf6 2. c4 c5 3. d5 a6 4. a4 e6 5. Nc3 exd5 6. cxd5 Bd6 7. Nf3 Bc7 8. g3
d6 9. Bg2 O-O 10. O-O Nbd7 11. Nd2 Rb8 12. b3 b5 13. axb5 axb5 14. Qc2 Re8 15.
e4 Ne5 16. h3 Ba5 17. Nd1 Bd7 18. f4 Ng6 19. Nf2 Rc8 20. Bb2 Bb6 21. Ra6 Nh5
22. Qc3 b4 23. Qf3 Nf6 24. Nc4 Bb5 25. Raa1 Bc7 26. h4 Nf8 27. Rae1 Bxc4 28.
bxc4 N6d7 29. Nd3 f6 30. h5 h6 31. Bh3 Ra8 32. Bf5 Ra2 33. Ra1 Rxa1 34. Rxa1
Nb6 35. Rc1 Qe7 36. Nf2 Ra8 37. Bh3 Bd8 38. Bf1 Ra2 39. Qb3 Qa7 40. Bd3 Ra5 41.
Ng4 Qf7 42. Qd1 Ra2 43. Rc2 Nbd7 44. Rh2 Nb6 45. Ne3 Na4 46. Ba1 Ra3 47. Nf5
Bc7 48. Bc2 Nc3 49. Qe1 Nd7 50. Bb2 Ra8 51. Bxc3 bxc3 52. Qxc3 Rb8 53. Qf3 Rb4
54. Qg4 Kh8 55. Bd3 Nb6 56. Ra2 Ra4 57. Rxa4 Nxa4 58. Nh4 Qe8 59. Ng6+ Kg8 60.
e5 dxe5 61. Bf5 1-0

[Event "XV C.to Mondiale Seniores Over 50"]
[Site "Acqui Terme ITA"]
[Date "2015.11.18"]
[Round "8"]
[White "Rozentalis, Eduardas"]
[Black "Mohr, Georg"]
[WhiteElo "2553"]
[BlackElo "2443"]
[Result "1/2-1/2"]
[PlyCount "40"]
[EventDate "2015.11.10"]

1. e4 g6 2. d4 Bg7 3. Nf3 d6 4. Be2 Nf6 5. Nc3 O-O 6. O-O c6 7. a4 Nbd7 8. a5
e5 9. Re1 Re8 10. dxe5 dxe5 11. Bc4 h6 12. Qd6 Bf8 13. Qd3 Qe7 14. Nh4 Kh7 15.
b4 Nh5 16. g3 Ndf6 17. Ba3 b5 18. axb6 axb6 19. Bb2 Rxa1 20. Bxa1 b5 1/2-1/2

[Event "XV C.to Mondiale Seniores Over 50"]
[Site "Acqui Terme ITA"]
[Date "2015.11.18"]
[Round "8"]
[White "Sorm, Daniel"]
[Black "Kalegin, Evgenij"]
[WhiteElo "2353"]
[BlackElo "2440"]
[Result "1/2-1/2"]
[PlyCount "94"]
[EventDate "2015.11.10"]

1. d4 Nf6 2. c4 g6 3. Nc3 Bg7 4. e4 d6 5. f4 O-O 6. Nf3 Na6 7. e5 Nd7 8. Qe2
Nb6 9. Be3 c5 10. dxc5 Nxc5 11. Bxc5 dxc5 12. Rd1 Qc7 13. g3 Bg4 14. Bg2 f6 15.
Nb5 Qc8 16. exf6 Bxf6 17. O-O a6 18. Nc3 Qe6 19. Qxe6+ Bxe6 20. Nd5 Nxc4 21.
Nc7 Bf5 22. Nxa8 Rxa8 23. Ne5 Ne3 24. Bxb7 Rb8 25. Bd5+ Kg7 26. b3 Nxd1 27.
Rxd1 Rd8 28. Bf3 Rxd1+ 29. Bxd1 g5 30. Be2 Bxe5 31. fxe5 a5 32. Kf2 Bb1 33. a4
Kg6 34. g4 Bc2 35. Bc4 Bd1 36. h3 h5 37. Kg3 hxg4 38. hxg4 Kg7 39. Be6 Kf8 40.
Bd5 Ke8 41. Bc4 Kd7 42. Kh3 Bf3 43. Kg3 Be4 44. Kf2 Kc6 45. Ke3 Bd5 46. Kf2
Bxc4 47. bxc4 e6 1/2-1/2

[Event "XV C.to Mondiale Seniores Over 50"]
[Site "Acqui Terme ITA"]
[Date "2015.11.18"]
[Round "8"]
[White "Soylu, Suat"]
[Black "Wiedenkeller, Michael"]
[WhiteElo "2377"]
[BlackElo "2454"]
[Result "1/2-1/2"]
[PlyCount "31"]
[EventDate "2015.11.10"]

1. e4 e5 2. Nf3 Nc6 3. Bb5 Nf6 4. d4 exd4 5. O-O a6 6. Ba4 Be7 7. e5 Ne4 8.
Nxd4 O-O 9. Nf5 d5 10. exd6 Bxf5 11. dxe7 Nxe7 12. Bb3 Qxd1 13. Rxd1 Nc5 14.
Nc3 Nxb3 15. cxb3 Ng6 16. Be3 1/2-1/2

[Event "XV C.to Mondiale Seniores Over 50"]
[Site "Acqui Terme ITA"]
[Date "2015.11.18"]
[Round "8"]
[White "Yasin, Hur"]
[Black "Llanos, Guillermo"]
[WhiteElo "2092"]
[BlackElo "2388"]
[Result "1-0"]
[PlyCount "113"]
[EventDate "2015.11.10"]

1. e4 e5 2. Nf3 d6 3. d4 exd4 4. Nxd4 Nf6 5. Nc3 Be7 6. g3 O-O 7. Bg2 Bg4 8. f3
Bd7 9. Be3 Re8 10. Qd2 Nc6 11. O-O-O Ne5 12. b3 a5 13. a4 d5 14. exd5 Bb4 15.
f4 Neg4 16. Bg1 Nh6 17. Qd3 Bg4 18. Nf3 Bxc3 19. Qxc3 Re2 20. Bf1 Qe7 21. Bc5
Ne4 22. Bxe7 Nxc3 23. Rd3 Na2+ 24. Kb2 Rxe7 25. Kxa2 Rd8 26. c4 Bf5 27. Rd2 Ng4
28. Nd4 Be4 29. Rg1 c6 30. Bh3 h5 31. Bxg4 hxg4 32. Re1 cxd5 33. Nb5 Red7 34.
Nc3 Bf3 35. cxd5 Bxd5 36. Nxd5 Rxd5 37. Rxd5 Rxd5 38. Re7 Rd2+ 39. Ka3 Rxh2 40.
Rxb7 Rg2 41. Rb5 Rxg3 42. Rxa5 Rf3 43. Rc5 Rxf4 44. a5 Rf1 45. Kb4 g3 46. Rg5
Rg1 47. a6 g2 48. Kb5 f6 49. Rg3 Kf7 50. b4 f5 51. a7 Ra1 52. Kb6 f4 53. Rxg2
Kf6 54. Kb7 g5 55. a8=Q Rxa8 56. Kxa8 f3 57. Rg3 1-0

[Event "XV C.to Mondiale Seniores Over 50"]
[Site "Acqui Terme ITA"]
[Date "2015.11.19"]
[Round "9"]
[White "Bagaturov, Giorgi"]
[Black "Rozentalis, Eduardas"]
[WhiteElo "2397"]
[BlackElo "2553"]
[Result "0-1"]
[PlyCount "62"]
[EventDate "2015.11.10"]

1. Nf3 Nf6 2. c4 e6 3. g3 b6 4. Bg2 Bb7 5. O-O Be7 6. b3 O-O 7. Bb2 d5 8. e3 c5
9. Qe2 Nc6 10. Nc3 Qc7 11. Rfd1 Rfd8 12. cxd5 exd5 13. d4 Qc8 14. Rac1 Qe6 15.
dxc5 bxc5 16. Na4 Ne4 17. Nd2 Nb4 18. Nxe4 dxe4 19. Nxc5 Bxc5 20. Rxc5 Ba6 21.
Qe1 Nd3 22. Qa5 Rd6 23. Be5 Rd7 24. Bd4 Nxc5 25. Qxc5 Rc8 26. Qg5 f6 27. Qa5
Rc2 28. Bxe4 Qxe4 29. Qxa6 h5 30. h4 Rdc7 31. Qa3 Rxf2 0-1

[Event "XV C.to Mondiale Seniores Over 50"]
[Site "Acqui Terme ITA"]
[Date "2015.11.19"]
[Round "9"]
[White "Baimurzin, Aitkazy"]
[Black "Arkell, Keith C"]
[WhiteElo "2120"]
[BlackElo "2499"]
[Result "0-1"]
[PlyCount "108"]
[EventDate "2015.11.10"]

1. c4 c5 2. Nf3 b6 3. g3 Bb7 4. Bg2 g5 5. d4 g4 6. Nh4 Bxg2 7. Nxg2 cxd4 8.
Qxd4 Nf6 9. Bf4 Nc6 10. Qd3 Rc8 11. Ne3 Rg8 12. h4 e6 13. Nc3 a6 14. a3 h6 15.
Bd6 Bxd6 16. Qxd6 Qc7 17. O-O-O Qxd6 18. Rxd6 Ke7 19. Rhd1 b5 20. cxb5 axb5 21.
Kb1 Rb8 22. Nc2 b4 23. axb4 Nxb4 24. Nxb4 Rxb4 25. R6d4 Rb7 26. R1d2 d5 27. e4
Rc8 28. Rc2 Rc4 29. Rxc4 dxc4 30. Ka2 Nd7 31. Rd2 Ne5 32. Nd1 Rc7 33. Ka3 Nd3
34. Ka4 Nc5+ 35. Kb4 Nxe4 36. Rc2 f5 37. Ne3 Rb7+ 38. Ka4 Ra7+ 39. Kb4 Rb7+ 40.
Ka4 Rb3 41. Nxc4 Rf3 42. b4 Rxf2 43. Rc1 Ra2+ 44. Na3 Nxg3 45. b5 Ne4 46. b6
Rb2 47. Rc7+ Kf6 48. Nb5 Nd6 49. Nxd6 Rxb6 50. Ne8+ Ke5 51. Rg7 Rb8 52. Re7 g3
53. Ng7 Kf6 54. Rxe6+ Kxg7 0-1

[Event "XV C.to Mondiale Seniores Over 50"]
[Site "Acqui Terme ITA"]
[Date "2015.11.19"]
[Round "9"]
[White "Bruno, Fabio"]
[Black "Sorm, Daniel"]
[WhiteElo "2420"]
[BlackElo "2353"]
[Result "1/2-1/2"]
[PlyCount "83"]
[EventDate "2015.11.10"]

1. d4 d5 2. Nf3 c6 3. c4 e6 4. Qc2 Nf6 5. Bg5 h6 6. Bxf6 Qxf6 7. Nbd2 Qd8 8. g3
Be7 9. Bg2 O-O 10. O-O b6 11. e4 Bb7 12. Rfd1 Nd7 13. Rac1 Rc8 14. Qa4 a6 15.
Qb3 Rc7 16. Ne5 Nxe5 17. dxe5 Rd7 18. exd5 cxd5 19. cxd5 Bxd5 20. Bxd5 Rxd5 21.
Ne4 Rxd1+ 22. Rxd1 Qc7 23. Nd6 Rd8 24. Qb4 Qc5 25. Qxc5 bxc5 26. Rc1 Bxd6 27.
exd6 Rxd6 28. Rxc5 Rd2 29. Rc8+ Kh7 30. Rb8 Kg6 31. a4 a5 32. b3 f6 33. Kg2 e5
34. Kf3 Kf5 35. Ke3 Rb2 36. h4 h5 37. Rb5 Kg4 38. Rxa5 Rxb3+ 39. Ke2 Rb2+ 40.
Ke3 Rb3+ 41. Ke2 Rb2+ 42. Ke3 1/2-1/2

[Event "XV C.to Mondiale Seniores Over 50"]
[Site "Acqui Terme ITA"]
[Date "2015.11.19"]
[Round "9"]
[White "Efimov, Igor"]
[Black "McKay, Roderick M"]
[WhiteElo "2408"]
[BlackElo "2344"]
[Result "1-0"]
[PlyCount "71"]
[EventDate "2015.11.10"]

1. d4 d5 2. Nf3 Nf6 3. c4 c6 4. Qc2 g6 5. Bf4 Bf5 6. Qb3 Qc8 7. cxd5 Nxd5 8.
Be5 f6 9. Bg3 a5 10. Nc3 Nxc3 11. bxc3 a4 12. Qb2 Nd7 13. e3 Bg7 14. Be2 O-O
15. O-O Kh8 16. Nh4 Be6 17. c4 Bf7 18. Rab1 b6 19. f4 f5 20. Nf3 c5 21. Rfc1
Be8 22. Be1 Rb8 23. Bc3 Nf6 24. dxc5 Qxc5 25. Bd4 Qa5 26. Be5 Nh5 27. c5 Bf7
28. Ng5 a3 29. Qd4 Bxa2 30. Bxh5 Bf6 31. Ra1 bxc5 32. Rxc5 Qb6 33. Be2 Qb2 34.
Kf2 Rfd8 35. Qxb2 axb2 36. Bxb2 1-0